书目信息 |
| 题名: |
社会主义政治经济学发展问题
|
|
| 作者: | 加托夫斯基 著 ;王钊贤 译 | |
| 分册: | ||
| 出版信息: | 上海 上海译文出版社 1985 |
|
| 页数: | 396页 | |
| 开本: | 20cm | |
| 丛书名: | ||
| 单 册: | ||
| 中图分类: | F04 | |
| 科图分类: | ||
| 主题词: | 社会主义政治经济学 | |
| 电子资源: | ||
| ISBN: | 4188.41 | |
| 000 | 00767nam0 2200253 450 | |
| 001 | 0185001982 | |
| 005 | 20100712221049.0 | |
| 010 | @a4188.41@dCNY1.70 | |
| 091 | @a4188.41 | |
| 100 | @a19900904d1985 kemy0chiy0110 ea | |
| 101 | 1 | @achi@crus |
| 102 | @aCN@b310000 | |
| 105 | @ay a 000yy | |
| 106 | @ar | |
| 200 | 1 | @a社会主义政治经济学发展问题@9She Hui;Kuai Zhu Yi Zheng Zhi Jing Ji Xue Fa Zhan Wen Ti @f(苏)加托夫斯基著@g王钊贤译 |
| 210 | @a上海@c上海译文出版社@d1985 | |
| 215 | @a396页@d20cm | |
| 300 | @a根据苏联“科学”出版社1979年版译出 | |
| 606 | 0 | @a社会主义政治经济学 |
| 690 | @aF04@v3 | |
| 701 | 1 | @a加托夫斯基@9jia tuo fu si ji@4著 |
| 702 | 0 | @a王钊贤@9wang zhao xian@4译 |
| 801 | 0 | @aCN@bAzMarc@c20130904 |
| 905 | @aBZT@dF04@e11@f1@sF04/11 | |
| 社会主义政治经济学发展问题/(苏)加托夫斯基著/王钊贤译.-上海:上海译文出版社,1985 |
| 396页;20cm |
| 根据苏联“科学”出版社1979年版译出 |
| ISBN 4188.41:CNY1.70 |
| ● |
| 相关链接 |
|
|
|
正题名:社会主义政治经济学发展问题
索取号:F04/11
 
预约/预借
| 序号 | 登录号 | 条形码 | 馆藏地/架位号 | 状态 | 备注 |
| 1 | 2000104263 | 2000104263 | 旧书回溯/ [索取号:F04/11] | 在馆 |